000
00268nam a2200097Ia 4500
001
1168191
005
20250827011834.0
008
250824s9999 xx 000 0 und d
245
0
_a
BİTMEYEN İNŞA POSTMODERNİZİM
_c
AHMET MELİH KARAUĞUZ
260
_b
KETEBE YAYINLARI
999
_c
1168191
_d
1168191